[Event "SN-2012-0-00450"]
[Site "LSS email"]
[Date "2012.07.27"]
[Round "?"]
[White "Cook, Paul"]
[Black "Mikhajlov, Dmitrij"]
[Result "1-0"]
[WhiteElo "991"]
[BlackElo "647"]
[PlyCount "40"]
[EventDate "2012.07.14"]
[EventType "tourn (corr)"]
[EventRounds "6"]
[EventCountry "GER"]
[SourceTitle "Telechess CBM 165"]
[Source "ChessBase"]
[SourceDate "2015.03.11"]
[SourceVersion "1"]
[SourceVersionDate "2015.03.11"]
[SourceQuality "1"]

1. g3 f5 2. Bg2 e6 3. Nf3 Be7 4. d4 d5 5. 0-0 c6 6. c4 Nf6 7. b3 0-0 8. Ba3 Bxa3 9. Nxa3 Ne4 10. Ne5 Nd7 11. Nd3 Qe7 12. c5 e5 13. Nc2 exd4 14. Nxd4 Ndxc5 15. Rc1 Bd7 16. Bxe4 Nxe4 17. f3 Ng5 18. Qd2 Rac8 19. Nc5 Nh3+ 20. Kg2 f4 1-0

[Event "SN-2012-0-00450"]
[Site "LSS email"]
[Date "2012.07.27"]
[Round "?"]
[White "Mikhajlov, Dmitrij"]
[Black "Hughes, Chris"]
[Result "0-1"]
[WhiteElo "647"]
[BlackElo "810"]
[PlyCount "39"]
[EventDate "2012.07.14"]
[EventType "tourn (corr)"]
[EventRounds "6"]
[EventCountry "GER"]
[SourceTitle "Telechess CBM 165"]
[Source "ChessBase"]
[SourceDate "2015.03.11"]
[SourceVersion "1"]
[SourceVersionDate "2015.03.11"]
[SourceQuality "1"]

1. Nf3 d5 2. g3 Bg4 3. Bg2 Nd7 4. 0-0 e6 5. d4 Ngf6 6. c4 c6 7. cxd5 exd5 8. Qb3 Qb6 9. Qe3+ Be7 10. Nc3 Qd8 11. Qf4 Bxf3 12. Qxf3 0-0 13. Bf4 Re8 14. Rab1 Nf8 15. e3 Ne6 16. b4 a6 17. a4 Nxf4 18. Qxf4 Bd6 19. Qf3 Ne4 20. Nxe4 0-1

[Event "SN-2012-0-00450"]
[Site "LSS email"]
[Date "2012.07.27"]
[Round "?"]
[White "Oberlaender, Rolf"]
[Black "Mikhajlov, Dmitrij"]
[Result "1-0"]
[WhiteElo "778"]
[BlackElo "647"]
[PlyCount "38"]
[EventDate "2012.07.14"]
[EventType "tourn (corr)"]
[EventRounds "6"]
[EventCountry "GER"]
[SourceTitle "Corr 2015"]
[Source "ChessBase"]
[SourceDate "2015.07.17"]
[SourceVersion "1"]
[SourceVersionDate "2015.07.17"]
[SourceQuality "1"]

1. d4 f5 2. c4 e6 3. Nc3 Nf6 4. Bg5 Be7 5. Nf3 0-0 6. a3 b6 7. e3 Bb7 8. Be2 Ne4 9. Bxe7 Qxe7 10. Nxe4 fxe4 11. Ne5 d6 12. Ng4 h5 13. Nh6+ gxh6 14. Bxh5 Qg5 15. d5 exd5 16. cxd5 Qxg2 17. Rf1 Nd7 18. Bg4 Nc5 19. b4 Nd3+ 1-0

[Event "OP-2012-0-02286"]
[Site "LSS email"]
[Date "2012.07.08"]
[Round "?"]
[White "Yap, Sebastian"]
[Black "Mikhajlov, Dmitrij"]
[Result "1/2-1/2"]
[WhiteElo "800"]
[BlackElo "647"]
[PlyCount "61"]
[EventDate "2012.07.04"]
[EventType "tourn (corr)"]
[EventRounds "4"]
[EventCountry "GER"]
[SourceTitle "Telechess CBM 153"]
[Source "ChessBase"]
[SourceDate "2013.03.14"]
[SourceVersion "1"]
[SourceVersionDate "2013.03.14"]
[SourceQuality "1"]

1. e4 c6 2. d4 d5 3. e5 Bf5 4. Nf3 e6 5. Be2 c5 6. Be3 Nc6 7. dxc5 Bg4 8. c4 Bxf3 9. Bxf3 Nge7 10. Nc3 d4 11. Nb5 Nf5 12. Bxc6+ bxc6 13. Nxd4 Nxe3 14. fxe3 Bxc5 15. 0-0 0-0 16. a3 a5 17. b4 axb4 18. axb4 Rxa1 19. Qxa1 Bxb4 20. Nxc6 Qb6 21. Nxb4 Qxb4 22. Qd4 Rc8 23. Qd7 Rf8 24. Qd4 Rc8 25. Rc1 Qa3 26. Rd1 h6 27. h3 Qb3 28. Rc1 Qa3 29. Rd1 Qb3 30. Rc1 Qa3 31. Rd1 1/2-1/2

[Event "OP-2012-0-02251"]
[Site "LSS email"]
[Date "2012.06.17"]
[Round "?"]
[White "Mikhajlov, Dmitrij"]
[Black "Zmolil, Karel"]
[Result "0-1"]
[WhiteElo "800"]
[BlackElo "1197"]
[PlyCount "47"]
[EventDate "2012.06.14"]
[EventType "tourn (corr)"]
[EventRounds "4"]
[EventCountry "GER"]
[SourceTitle "Telechess CBM 153"]
[Source "ChessBase"]
[SourceDate "2013.03.14"]
[SourceVersion "1"]
[SourceVersionDate "2013.03.14"]
[SourceQuality "1"]

1. Nf3 d5 2. c4 e6 3. g3 Nf6 4. Bg2 Nc6 5. 0-0 Bd6 6. b3 0-0 7. Bb2 Re8 8. Nc3 d4 9. Nb5 Bc5 10. d3 e5 11. Na3 Qd6 12. Nb5 Qe7 13. Kh1 a6 14. Na3 Bxa3 15. Bxa3 Qxa3 16. e4 dxe3 17. fxe3 Bg4 18. Qc2 Nb4 19. Qd2 Rad8 20. d4 Bxf3 21. Bxf3 e4 22. Bg2 Nd3 23. d5 c6 24. Qe2 0-1